Statistics for Mongol invasion of Japan Quiz

Click here to take the quiz!

General Stats

  • This quiz has been taken 22 times
  • The average score is 4 of 8

Answer Stats

QuestionAnswer% Correct
Why were the Mongols unsuccessful?Due to typhoons
71%
Which Mongol Khan was ruling at the time?Kublai Khan
71%
How many times did the Mongols attempt to conquer Japan?2
65%
What is the name of the Japanese period at that time?Kamakura
59%
Where did the first invasion of Japan come from?Korea (Goryeo)
59%
When does the first invasion take place?1274
47%
What main island of Japan does Tsushima belong to?Kyushu
47%
Where did the Mongols strike after Tsushima?Ikinoshima
12%

Score Distribution

Percentile by Number Answered

Percent of People with Each Score

Your Score History

You have not taken this quiz